LEADER 01053nam a2200253 i 4500 001 000000159696 003 CaOOAMICUS 005 20090916000000.0 008 090916s1988 it u000 u ita u 013 $a137059 020 $a88-7026-832-2 040 $aSeMil$bita 100 0 $aIoannes Paulus I,$c.$0(OLS)http://semarc/name/9841 245 10$aVittorio Veneto, 1959-1962 :$bdiscorsi, scritti, articoli /$cAlbino Luciani (Giovanni Paolo 1.) 300 $a509 p. ;$c22 cm. 773 0 $aIoannes Paulus I $tOpera omnia.$dPadova : Messaggero, 1988-1989.$gVolume2$w()22016 850 $aSeMil 852 $aSeMil$W1$xVenegono$y1$m2A V 123$j111251$B111251$CSeMilBibl$Z2$F120943 $81 900 1 $aLuciani, Albino,$d<1912-1978>. 900 0 $aGiovanni Paolo I$c. 996 $6020$a88-7026-832-2$9(OLS)http://semarc/number/68589 996 $6245$aVittorio Veneto, 1959-1962 :$bdiscorsi, scritti, articoli$9(OLS)http://semarc/title/141906 LEADER 01109nam a2200277 i 4500 001 000000066775 003 CaOOAMICUS 005 20070531000000.0 008 070531s1988 it u000 u ita u 013 $a37947 020 $a88-11-59835-4 040 $aSeMil$bita 100 1 $aGadda, Carlo Emilio <1893-1973>.$0(OLS)http://semarc/name/1197 245 10$aLettere a Gianfranco Contini a cura del destinatario 1934-1967 /$cCarlo Emilio Gadda. 260 $a[Milano] :$bGarzanti,$c1988. 300 $a113 p., [1] p. di tav. ;$c21 cm. 490 0 $aSaggi blu 500 $aContiene : Appendice. 650 4$aEpistolari.$0(OLS)http://semarc/subject/1376 830 0$aSaggi blu.$0(OLS)http://semarc/title/7183 850 $aSeMil 852 $aSeMil$W1$xVenegono$y1$m1D III 64$j32928$B32928$CSeMilBibl$Z2$F32931 $81 961 $aOmaggio: Donazione 996 $6020$a88-11-59835-4$9(OLS)http://semarc/number/44488 996 $6245$aLettere a Gianfranco Contini a cura del destinatario 1934-1967$9(OLS)http://semarc/title/106252 996 $6260$a[Milano] :$bGarzanti$9(OLS)http://semarc/publisher/31829